The Lord of the Rings Trilogy Cast - Sudden Death - Statistics

General Stats
  • This quiz has been taken 155 times
  • The average score is 11 of 13
Answers on the Grid
Answers color-coded by a green-red scale on the quiz's grid according to % correct below.
Christopher Lee
Viggo Mortensen
Ian McKellen
Dominic Monaghan
Russell Crowe
Terence Stamp
Cate Blanchett
Sean Bean
Anya Taylor-Joy
Verne Troyer
Ian Holm
Colin Baker
Sean Astin
Elijah Wood
Tony Cox
Jorge Garcia
Billy Boyd
Peter Dinklage
Andy Serkis
Hugo Weaving
Orlando Bloom
Meryl Streep
Nicolas Cage
Jake Gyllenhaal
Warwick Davis
James Corden
Kevin Hart
Jodie Comer
Vin Diesel
Rene Russo
 
Answer Stats
Answer % Correct
Christopher Lee
99%
Ian McKellen
96%
Sean Bean
95%
Viggo Mortensen
95%
Elijah Wood
94%
Orlando Bloom
92%
Cate Blanchett
90%
Andy Serkis
88%
Sean Astin
85%
Dominic Monaghan
78%
Hugo Weaving
78%
Ian Holm
78%
Billy Boyd
76%
No matching quizzes found
Score Distribution
Percent of People with Each Score
Percentile by Number Answered
Your Score History
You have not taken this quiz